गीता बोध / (Record no. 49576)

MARC details
000 -LEADER
fixed length control field 01190nam a22002657a 4500
005 - DATE AND TIME OF LATEST TRANSACTION
control field 20101206113148.0
008 - FIXED-LENGTH DATA ELEMENTS--GENERAL INFORMATION
fixed length control field 101206t xxu||||| |||| 00| 0 hin d
010 ## - LCCN (DPL NO)
LC control number HIN-91409
020 ## - INTERNATIONAL STANDARD BOOK NUMBER
Terms of availability 125.00
International Standard Book Number 9789380405193
035 ## - SYSTEM CONTROL NUMBER
System control number HN-63755
037 ## - SOURCE OF ACQUISITION
Source of stock number/acquisition DBAD/PUB
040 ## - CATALOGING SOURCE
Original cataloging agency DPL
Language of cataloging HN
082 ## - DEWEY DECIMAL CLASSIFICATION NUMBER
Classification number 230
100 ## - MAIN ENTRY--PERSONAL NAME
9 (RLIN) 24598
Personal name गांधी, मोहनदास करमचन्द
245 ## - TITLE STATEMENT
Title गीता बोध /
Statement of responsibility, etc मोहनदास करमचन्द गांधी; मदनलाल शर्मा द्वारा अनुदित
246 ## - VARYING FORM OF TITLE
Title proper/short title Geeta bodha
Remainder of title by Mohandas karmchand gandhi
260 ## - PUBLICATION, DISTRIBUTION, ETC. (IMPRINT)
Place of publication, distribution, etc जयपुर
Name of publisher, distributor, etc ग्रन्थ विकास
Date of publication, distribution, etc 2011
270 ## - ADDRESS
City जयपुर
Address सी-37, राजापार्क, आदर्श नगर
Postal code 4
300 ## - PHYSICAL DESCRIPTION
Extent 75पृ.
Dimensions 22सेमी (सजिल्द)
650 ## - SUBJECT ADDED ENTRY--TOPICAL TERM
9 (RLIN) 1169
700 ## - ADDED ENTRY--PERSONAL NAME
9 (RLIN) 24599
Personal name शर्मा, मदनलाल
700 ## - ADDED ENTRY--PERSONAL NAME
9 (RLIN) 24924
942 ## - ADDED ENTRY ELEMENTS (KOHA)
Source of classification or shelving scheme Dewey Decimal Classification
Item type Hindi Books
Call number suffix गांधीमो
Classification part 230
Holdings
Withdrawn status Lost status Source of classification or shelving scheme Damaged status Not for loan Collection code Home library Current library Date acquired Source of acquisition Cost, normal purchase price Total Checkouts Full call number Barcode Date last seen Copy number Cost, replacement price Koha item type
    Dewey Decimal Classification   Not For Loan Non-fiction D.B.Act.Division D.B.Act.Division 28/12/2010 DBAD /PUB 125.00   230गांधीमो HN-63755 28/12/2010 1 125.00 Hindi Books

© Delhi Public Library
Hit Counter
free hit counter